Pedagogías del siglo XXI: alternativas para la innovación educativa

Salvato in:
Dettagli Bibliografici
Autore principale: Carbonell Sebarroja, Jaume (Autore)
Natura: Libro
Lingua:spagnolo
Pubblicazione: Barcelona Octaedro Editorial 2016
Edizione:5a. ed
Serie:Recursos Educativos
Soggetti:
Tags: Aggiungi Tag
Nessun Tag, puoi essere il primo ad aggiungerne!!

MARC

LEADER 00000cam a2200000 a 4500
001 UCC1393
003 CL-VaPUC
008 171020e20160800sp |||||||||||||||||spa|d
020 |a 9788499216218 
082 0 4 |a 370.1  |b CAR  |2 21 
100 0 |a Carbonell Sebarroja, Jaume  |e author  |9 595467 
245 1 0 |a Pedagogías del siglo XXI: alternativas para la innovación educativa 
250 |a 5a. ed 
300 |a 292 p 
942 |c BK 
945 |d 20171020 15:16:00  |a arojas 
260 |a Barcelona  |b Octaedro Editorial  |c 2016 
650 0 |a Innovaciones pedagógicas  |9 307471 
650 0 |a Filosofía de la educación   |9 258384 
650 0 |a Calidad de la educación   |9 307271 
583 |a last modification  |c 20171020 15:16:00  |k Rodrigo Vera 
490 0 |a Recursos Educativos 
999 |c 369914  |d 369912 
952 |0 0  |1 0  |3 erb  |4 0  |6 370_100000000000000_CAR_2016  |7 0  |8 A  |9 486071  |a BIBHIS  |b BIBHIS  |i 5430895  |o 370.1 CAR 2016  |p 5430895  |r 2025-01-20  |w 2019-11-24  |y BK  |z Catalogado en:20171020  |k HIS